TJN Signalquiz - Statistics

General Stats
  • This quiz has been taken 37 times
    22 since last reset
  • The average score is 89 of 126
Answer Stats
Question Tile Select % Correct
Hvilke signaler viser signalbildet "Stopp" Yes
93%
Utkjørhovedsignal No
93%
Utkjørhovedsignal No
93%
Utkjørhovedsignal Yes
93%
Ugyldighetsskilt No
93%
Ugyldighetsskilt Yes
93%
Ugyldighetsskilt No
93%
Hva er korrekt: Signalfargenes grunnbetydning Blå: Tilhørende planovergangssignal viser "stopp" foran planovergang No
93%
Hva er korrekt: Blokksignal Finnes på linjen Yes
93%
Hva er korrekt: Signalfargenes grunnbetydning Hvitt: Klar linje Yes
93%
Velg alle dvergsignalene som viser: "Kjøring forbudt", "Frigitt for lokal skifting" og "Kjøring tillatt" Yes
86%
Velg alle dvergsignalene som viser: "Kjøring forbudt", "Frigitt for lokal skifting" og "Kjøring tillatt" Yes
86%
Blokksignal Yes
86%
Indre hovedsignal i innkjør togvei No
86%
Frostportsignal Yes
86%
Frostportsignal No
86%
Frostportsignal No
86%
Forsignal til planovergangssignaler Yes
86%
Forsignal til planovergangssignaler No
86%
Hva er korrekt: Blokksignal Blinker rødt i "Stopp" Yes
86%
Hva er korrekt: Signalfargenes grunnbetydning Fiolett: Tilhørende planovergangssignal viser "stopp" foran planovergang Yes
86%
Hva er korrekt: Signalfargenes grunnbetydning Grønn: Kjøretillatelse Yes
86%
Hva er korrekt: Blokksignal Har rundt identifikasjonsskilt Yes
86%
Hva er korrekt: Innkjørhovedsignal Har to reflekterende gule striper (kun synlige forfra) No
86%
Hva er korrekt: Indre hovedsignal i innkjør togvei Kan vise "forvent stopp" No
86%
Hva er korrekt: Rasvarslingssignal Kan vise "Rasfare" og "Tog kan passere rasfarestrekningen" Yes
86%
Hva er korrekt: Signalfargenes grunnbetydning Rødt: Varsel No
86%
Hva er korrekt: Rasvarslingssignal Signalbildene lyser fast gult eller grønnt No
86%
Signaler som viser signalbildet "Frigitt for lokal skifting" Yes
79%
Signaler som kan finnes på en stasjon Yes
79%
Forsignal No
79%
Indre hovedsignal i utkjør togvei No
79%
Indre hovedsignal i utkjør togvei Yes
79%
Indre hovedsignal i utkjør togvei Yes
79%
Planovergangsignal No
79%
Midlertidig innkjørhovedsignal Yes
79%
Midlertidig innkjørhovedsignal No
79%
Dvergsignal Yes
79%
Dvergsignal No
79%
Dvergsignal No
79%
Høyt skiftesignal Yes
79%
Dvergsignalstolpe Yes
79%
Dvergsignalstolpe No
79%
Rasvarslingsstolpe No
79%
Hva er korrekt: Utkjørhovedsignal Blinker i "Stopp" No
79%
Hva er korrekt: Innkjørhovedsignal Er stasjonsgrensen Yes
79%
Hva er korrekt: Signalfargenes grunnbetydning Grønn: Mottatt No
79%
Hva er korrekt: Signalfargenes grunnbetydning Gult: Varsom kjøring tillatt No
79%
Hva er korrekt: Signalfargenes grunnbetydning Gul: Varsom Yes
79%
Hva er korrekt: Utkjørhovedsignal Har bokstavene L-Å på identifikasjonsskiltet Yes
79%
Hva er korrekt: Signalfargenes grunnbetydning Hvitt: Kjøretillatelse No
79%
Hva er korrekt: Forsignaler Identifikasjonsskiltet er likt som hovedsignalet den tilhører Yes
79%
Hva er korrekt: Pilskilt Kan plasseres over eller under singalet med pil mot det sporet signalet gjelder for Yes
79%
Hva er korrekt: Dvergsignaler Kan vise "Frigitt for lokal skifting" Yes
79%
Hva er korrekt: Blokksignal Kan vise "Kjør", "Kjør med redusert hastighet" og "Stopp" No
79%
Hva er korrekt: Innkjørhovedsignal Kan vise "Kjør", "Kjør med redusert hastighet" og "Stopp" Yes
79%
Hvilke signaler viser signalbildet "Kjør" Yes
71%
Velg alle dvergsignalene som viser: "Kjøring forbudt", "Frigitt for lokal skifting" og "Kjøring tillatt" No
71%
Signaler som viser signalbildet "Frigitt for lokal skifting" Yes
71%
Signaler som kan finnes på en stasjon Yes
71%
Innkjørhovedsignal No
71%
Innkjørhovedsignal Yes
71%
Indre hovedsignal i innkjør togvei Yes
71%
Indre hovedsignal i innkjør togvei No
71%
Forsignal No
71%
Repetersignal No
71%
Repetersignal Yes
71%
Repetersignal Yes
71%
Togsporsignal Yes
71%
Togsporsignal Yes
71%
Midlertidig innkjørhovedsignal Yes
71%
Midlertidig utkjørhovedsignal Yes
71%
Midlertidig utkjørhovedsignal No
71%
Midlertidig utkjørhovedsignal No
71%
Høyt skiftesignal No
71%
Hva er korrekt: Dvergsignaler Er ikke avhengig av signal i hovedsignal Yes
71%
Hva er korrekt? Et forsignal kan henge på samme mast som et hovedsignal og bruker det samme identifikasjonskiltet Yes
71%
Hva er korrekt: Indre hovedsignal i innkjør togvei Har to reflekterende gule striper (kun synlige forfra) Yes
71%
Hva er korrekt? Innkjørhovedsignal og blokksignal blinker i stopp Yes
71%
Høyt skiftesignal Kan vise "Skifting tillatt" eller "Skifting forbudt" Yes
71%
Hva er korrekt: Pilskilt Markerer punktet hvor det tilhørende signalet gjelder fra No
71%
Hva er korrekt: Innkjørhovedsignal Viser "Kjør" når toget har passert middel No
71%
Hvilke signaler viser signalbildet "Stopp" No
64%
Hvilke signaler viser signalbildet "Kjør" Yes
64%
Hvilke signaler viser signalbildet "Kjør" No
64%
Signaler som viser signalbildet "Frigitt for lokal skifting" No
64%
Forsignal Yes
64%
Togsporsignal Yes
64%
Forsignal til planovergangssignaler Yes
64%
Sektioneringsstolpe Yes
64%
Sektioneringsstolpe No
64%
Grense-/innkoblingsstolpe No
64%
Rasvarslingsstolpe Yes
64%
Rasvarslingsstolpe No
64%
Signaler som kan finnes på linjen Yes
64%
Signaler som kan finnes på linjen Yes
64%
hva er korrekt: Signaler som muligtvis kan forkorte togvei No
64%
Hva er korrekt: Utkjørhovedsignal Kan vise "Kjøring tillatt", "Varsom kjøring tillatt" og "Kjøring forbudt" No
64%
Hva er korrekt: Innkjørhovedsignal Man kan se to reflekterende gule striper fra begge sider Yes
64%
Hva er korrekt: Pilskilt Yes
57%
Blokksignal No
57%
Planovergangsignal Yes
57%
hva er korrekt: Signaler som muligtvis kan forkorte togvei Yes
57%
Hva er korrekt: Innkjørhovedsignal Blinker i "Stopp" Yes
57%
Hva er korrekt: Blokksignal Bokstav A-K på det rektangulære identifikasjonsskiltet No
57%
Hva er korrekt: Forsignaler Er slukket hvis hovedsignalet viser "Stopp" Yes
57%
Grense-/innkoblingsstolpe Grense for skiftelengde utenfor ytterste sporveksel eller grense for lokomotivstall- og verkstedområ Yes
57%
Hva er korrekt: Dvergsignaler Kan ha identifikasjonsskilt med bokstav R Yes
57%
Hva er korrekt: Forsignaler Signalbildet "Forvent kjør med redusert hastighet" blinker Yes
57%
Signaler som kan finnes på en stasjon No
50%
Innkjørhovedsignal No
50%
Hva er korrekt: Indre hovedsignal i innkjør togvei No
50%
Grense-/innkoblingsstolpe Yes
50%
Signaler som kan finnes på linjen Yes
50%
Hva er korrekt: Blokksignal Er slukket hvis det ikke er stilt togvei Yes
50%
Hva er korrekt? Man ser kun indre hovedsignaler inne på en stasjon No
50%
Blokksignal Yes
43%
Hva er korrekt: Rasvarslingssignal Finnes ikke på strekning med ERTMS Yes
43%
Hva er korrekt: Bru og Frostportsignal Merket med BRU eller PORT og en siffer Yes
43%
Planovergangsignal No
36%
hva er korrekt: Signaler som muligtvis kan forkorte togvei No
36%
Dvergsignalstolpe Markerer sted der dvergsignal skulle vært satt opp. Yes
36%
Sektioneringsstolpe Trekkraftkjøretøy med hevet strømavtaker som skal stoppe, skal stoppe foran stolpen. Yes
36%
Hva er korrekt: Bru og Frostportsignal Kan vise "Passere" eller "Stopp" No
21%
Hva er korrekt: Bru og Frostportsignal Signalet står i avhengighet til hovedsignal Yes
21%
Hvilke signaler viser signalbildet "Stopp" No
14%
No matching quizzes found
Score Distribution
Percent of People with Each Score
Percentile by Number Answered
Your Score History
You have not taken this quiz since the last reset